[Event "Assiut Upper Egypt"]
[Site "Assiut"]
[Date "2011.10.17"]
[Round "7"]
[White "Salem, Sameh"]
[Black "Yusef, Fady"]
[Result "0-1"]
[WhiteElo "1911"]
[BlackElo "1725"]
[PlyCount "66"]
[EventDate "2011.10.13"]
[EventType "tourn"]
[EventRounds "9"]
[EventCountry "EGY"]
[SourceTitle "EXT 2019"]
[Source "ChessBase"]
[SourceDate "2018.10.10"]
[SourceVersion "1"]
[SourceVersionDate "2018.10.10"]
[SourceQuality "1"]

1. e4 c6 2. d4 d5 3. Nc3 dxe4 4. Nxe4 Bf5 5. Ng3 Bg6 6. h4 h6 7. Nf3 Nd7 8. h5 Bh7 9. Bd3 Bxd3 10. Qxd3 e6 11. Bd2 Ngf6 12. 0-0-0 Be7 13. Kb1 0-0 14. Ne2 Ng4 15. Rdf1 Qb6 16. Nh4 c5 17. f3 Ngf6 18. g4 cxd4 19. g5 Ne5 20. Qxd4 Qxd4 21. Nxd4 Nxh5 22. Nhf5 exf5 23. Rxh5 Nc4 24. Bc1 Bxg5 25. Bxg5 hxg5 26. Rfh1 f6 27. Ne6 Nd2+ 28. Ka1 Nxf3 29. Rh7 Kf7 30. Nxg7 f4 31. Nf5+ Ke6 32. Ng7+ Kf7 33. c3 b5 0-1